000 00371nam a2200133 i 4500
001 bg
100 1 _aKORDAS, Zdzisława
245 0 _aProblematyka określania kształtów ciał wykazujących całkowite uplastycznienie /
_cZdzisława Kordas.
260 _aKraków,
_c1977.
040 _cBPK
041 _apol
942 _cKS
008 s pl f |000 0 pol
999 _c27848
_d27848
856 _uhttp://koha.tu.koszalin.pl/cgi-bin/koha/opac-detail.pl?biblionumber=27848
_yKatalog online BPK